[Event "Regionalliga SW 1617"]
[Site "Bayern"]
[Date "2017.03.19"]
[Round "7.6"]
[White "Kania, Andreas"]
[Black "Link, Ulrich"]
[Result "1-0"]
[WhiteElo "1997"]
[BlackElo "1978"]
[PlyCount "113"]
[EventDate "2016.10.16"]
[EventType "team-tourn"]
[EventRounds "9"]
[EventCountry "GER"]
[SourceTitle "EXT 2019"]
[Source "ChessBase"]
[SourceDate "2018.10.10"]
[SourceVersion "1"]
[SourceVersionDate "2018.10.10"]
[SourceQuality "1"]
[WhiteTeam "Haar"]
[BlackTeam "Krumbach"]
[WhiteTeamCountry "GER"]
[BlackTeamCountry "GER"]

1. d4 d5 2. Nf3 Nf6 3. c4 e6 4. Nc3 Be7 5. Bf4 0-0 6. e3 a6 7. c5 Ne4 8. Nxe4 dxe4 9. Nd2 Bg5 10. Bxg5 Qxg5 11. Nxe4 Qe7 12. Be2 Nd7 13. 0-0 e5 14. b4 exd4 15. Qxd4 Ne5 16. Ng3 Bd7 17. Rfe1 Bb5 18. f4 Bxe2 19. Rxe2 Nc6 20. Nf5 Qf6 21. Qxf6 gxf6 22. Rd2 Rfd8 23. Rad1 Rxd2 24. Rxd2 Nxb4 25. Rb2 Nc6 26. Rxb7 Ra7 27. Ne7+ Kf8 28. Rxa7 Nxa7 29. Nd5 a5 30. Nxc7 Ke7 31. Nd5+ Ke6 32. Nc3 Kd7 33. g4 Kc6 34. Kf2 Kxc5 35. Ke2 Kc4 36. Kd2 Nc6 37. h4 Ne7 38. Ne4 Nd5 39. g5 fxg5 40. fxg5 Nb4 41. Nc3 Nd3 42. Ne4 Ne5 43. h5 Kb4 44. Kc1 Nf3 45. Kb2 a4 46. a3+ Ka5 47. Kc3 Kb6 48. Kb4 Kc6 49. Kxa4 Kd5 50. Nf6+ Ke6 51. Nxh7 Kf5 52. Kb5 Kg4 53. g6 fxg6 54. hxg6 Kh5 55. g7 Nd4+ 56. exd4 Kh6 57. g8Q 1-0

[Event "Regionalliga SW 1617"]
[Site "Bayern"]
[Date "2017.01.15"]
[Round "4.8"]
[White "Schmidt, Thomas3"]
[Black "Kania, Andreas"]
[Result "1-0"]
[WhiteElo "1842"]
[BlackElo "1997"]
[PlyCount "29"]
[EventDate "2016.10.16"]
[EventType "team-tourn"]
[EventRounds "9"]
[EventCountry "GER"]
[SourceTitle "EXT 2019"]
[Source "ChessBase"]
[SourceDate "2018.10.10"]
[SourceVersion "1"]
[SourceVersionDate "2018.10.10"]
[SourceQuality "1"]
[WhiteTeam "Tuerkheim/Bad Woerishofen"]
[BlackTeam "Haar"]
[WhiteTeamCountry "GER"]
[BlackTeamCountry "GER"]

1. d4 e6 2. Nf3 Nf6 3. e3 b6 4. Bd3 Bb7 5. 0-0 Be7 6. c4 0-0 7. Nc3 d5 8. b3 Nbd7 9. Bb2 Ne4 10. Rc1 Rc8 11. Ne5 c5 12. Qe2 cxd4 13. exd4 Nxc3 14. Rxc3 Bb4 15. Bxh7+ 1-0

[Event "Regionalliga SW 1415"]
[Site "Bayern"]
[Date "2015.04.12"]
[Round "9.5"]
[White "Loos, Stephan"]
[Black "Kania, Andreas"]
[Result "0-1"]
[WhiteElo "2025"]
[BlackElo "1992"]
[PlyCount "68"]
[EventDate "2014.10.19"]
[EventType "team-tourn"]
[EventRounds "9"]
[EventCountry "GER"]
[SourceTitle "EXT 2018"]
[Source "ChessBase"]
[SourceDate "2017.10.13"]
[SourceVersion "1"]
[SourceVersionDate "2017.10.13"]
[SourceQuality "1"]
[WhiteTeam "Bayern Muenchen III"]
[BlackTeam "Haar"]
[WhiteTeamCountry "GER"]
[BlackTeamCountry "GER"]

1. d4 e6 2. c4 f5 3. g3 Nf6 4. Bg2 d5 5. Nf3 c6 6. 0-0 Bd6 7. Nbd2 0-0 8. Rb1 Qe7 9. a3 Bd7 10. b4 Be8 11. c5 Bc7 12. Ne5 Nbd7 13. Ndf3 Bh5 14. Nxd7 Nxd7 15. b5 e5 16. bxc6 bxc6 17. Rb7 Rfc8 18. Bg5 Qe6 19. Be3 Bxf3 20. Bxf3 Nf6 21. dxe5 Bxe5 22. Qa4 Rc7 23. Rfb1 Qd7 24. Qa6 Qc8 25. Bd2 Nd7 26. Bxd5+ cxd5 27. Qe6+ Kh8 28. Qxd5 Nf6 29. Rxc7 Nxd5 30. Rxc8+ Rxc8 31. Rb5 Ne7 32. Bb4 Nc6 33. Kf1 Rb8 34. Rxb8+ Bxb8 0-1

[Event "Regionalliga SW 1213"]
[Site "Bayern"]
[Date "2013.03.17"]
[Round "8.3"]
[White "Lux, Werner"]
[Black "Kania, Andreas"]
[Result "1/2-1/2"]
[WhiteElo "2017"]
[BlackElo "1992"]
[PlyCount "44"]
[EventDate "2012.10.14"]
[EventType "team-tourn"]
[EventRounds "9"]
[EventCountry "GER"]
[SourceTitle "EXT 2015"]
[Source "ChessBase"]
[SourceDate "2014.11.20"]
[SourceVersion "1"]
[SourceVersionDate "2014.11.20"]
[SourceQuality "1"]
[WhiteTeam "Tuerkheim/Bad Woerishofen"]
[BlackTeam "Haar"]
[WhiteTeamCountry "GER"]
[BlackTeamCountry "GER"]

1. e4 e6 2. d3 d5 3. Nd2 c5 4. g3 Nc6 5. Bg2 g6 6. Nh3 Nge7 7. 0-0 Bg7 8. f4 Rb8 9. Nf2 b6 10. c3 Bb7 11. Qg4 0-0 12. Qh3 Ba6 13. Rd1 Qd7 14. Nf3 f6 15. g4 Rbd8 16. g5 f5 17. e5 Rc8 18. Qg3 Rfd8 19. h4 b5 20. b3 Bb7 21. Bd2 Ba8 22. d4 c4 1/2-1/2

[Event "Regionalliga SW 1213"]
[Site "Bayern"]
[Date "2012.10.14"]
[Round "1.4"]
[White "Kania, Andreas"]
[Black "Pitschka, Claus"]
[Result "0-1"]
[WhiteElo "1992"]
[BlackElo "2195"]
[PlyCount "78"]
[EventDate "2012.10.14"]
[EventType "team-tourn"]
[EventRounds "9"]
[EventCountry "GER"]
[SourceTitle "EXT 2015"]
[Source "ChessBase"]
[SourceDate "2014.11.20"]
[SourceVersion "1"]
[SourceVersionDate "2014.11.20"]
[SourceQuality "1"]
[WhiteTeam "Haar"]
[BlackTeam "Garching II"]
[WhiteTeamCountry "GER"]
[BlackTeamCountry "GER"]

1. d4 d5 2. c4 c6 3. Nf3 Nf6 4. Nc3 a6 5. c5 g6 6. Bf4 Nh5 7. e3 Nd7 8. Be2 Bg7 9. Bg5 h6 10. Bh4 g5 11. Nd2 gxh4 12. Bxh5 e5 13. Nb3 Qg5 14. Rg1 h3 15. g3 Nf6 16. Be2 exd4 17. Nxd4 Ng4 18. f4 Qe7 19. Bxg4 Qxe3+ 20. Qe2 Bxd4 21. Bxc8 Rxc8 22. Rf1 Bxc5 23. Qxe3+ Bxe3 24. Rf3 Bc5 25. 0-0-0 Rg8 26. Re1+ Kd7 27. Re5 Rce8 28. Rh5 Rg6 29. Rxh3 d4 30. Nd1 Re2 31. a3 Bf8 32. f5 Rd6 33. Nf2 c5 34. b3 b5 35. Kd1 Ra2 36. Nd3 Rd5 37. b4 c4 38. Nc1 Rg2 39. Rh4 d3 0-1

[Event "Regionalliga SW 1112"]
[Site "Bayern"]
[Date "2012.04.15"]
[Round "9.4"]
[White "Kania, Andreas"]
[Black "Fauth, Dietmar"]
[Result "1/2-1/2"]
[WhiteElo "2039"]
[BlackElo "2122"]
[PlyCount "58"]
[EventDate "2011.10.02"]
[EventType "team-tourn"]
[EventRounds "9"]
[EventCountry "GER"]
[SourceTitle "EXT 2015"]
[Source "ChessBase"]
[SourceDate "2014.11.20"]
[SourceVersion "1"]
[SourceVersionDate "2014.11.20"]
[SourceQuality "1"]
[WhiteTeam "Haar"]
[BlackTeam "Muenchen Siemens"]
[WhiteTeamCountry "GER"]
[BlackTeamCountry "GER"]

1. d4 Nf6 2. c4 e6 3. Nc3 Bb4 4. e3 b6 5. Nge2 Ba6 6. a3 Bxc3+ 7. Nxc3 d5 8. b3 0-0 9. Bb2 dxc4 10. Qf3 Nbd7 11. bxc4 c5 12. Rd1 cxd4 13. exd4 Qc7 14. Nb5 Bxb5 15. cxb5 Rac8 16. Bd3 Nd5 17. g3 N7f6 18. 0-0 Qd7 19. Rc1 Rxc1 20. Rxc1 Rc8 21. Qd1 Rc7 22. Kg2 Qc8 23. Rxc7 Qxc7 24. Qc2 Qxc2 25. Bxc2 Kf8 26. Kf3 Ke7 27. a4 Kd7 28. h4 h5 29. Ba3 g6 1/2-1/2

[Event "Regionalliga SW 1011"]
[Site "Bayern"]
[Date "2011.01.16"]
[Round "5.5"]
[White "Wlokka, Clemens"]
[Black "Kania, Andreas"]
[Result "0-1"]
[WhiteElo "1907"]
[BlackElo "1977"]
[PlyCount "82"]
[EventDate "2010.10.10"]
[EventType "team-tourn"]
[EventRounds "9"]
[EventCountry "GER"]
[SourceTitle "EXT 2012"]
[Source "ChessBase"]
[SourceDate "2011.11.24"]
[SourceVersion "1"]
[SourceVersionDate "2011.11.24"]
[SourceQuality "1"]
[WhiteTeam "Goeggingen"]
[BlackTeam "Haar"]
[WhiteTeamCountry "GER"]
[BlackTeamCountry "GER"]

1. e4 e6 2. d4 d5 3. Nd2 Nf6 4. e5 Nfd7 5. c4 dxc4 6. Bxc4 Nb6 7. Ngf3 Nxc4 8. Nxc4 Be7 9. 0-0 b6 10. Be3 Bb7 11. Rc1 0-0 12. Qc2 Na6 13. Rfd1 Nb4 14. Qb3 Bxf3 15. gxf3 Nd5 16. Kh1 f5 17. f4 Kh8 18. Bd2 Rc8 19. Rg1 Rg8 20. Qg3 Qd7 21. b3 a5 22. Qf3 Rge8 23. Rg3 c5 24. Rcg1 Rg8 25. Rh3 g6 26. Rh6 Bf8 27. Rh4 cxd4 28. Rg3 a4 29. Rgh3 Rg7 30. Rh6 Kg8 31. Qg3 Rc7 32. Qd3 Bc5 33. f3 axb3 34. axb3 Ra7 35. Kg2 Ra2 36. Kh1 Qb5 37. Rg3 Ra3 38. Qe2 Rxb3 39. Rg5 d3 40. Qd1 Rb1 41. Qxb1 Qxb1+ 0-1

[Event "Regionalliga SW 9899"]
[Site "Bayern"]
[Date "1999.??.??"]
[Round "8.3"]
[White "Schlinkmeier, Karsten"]
[Black "Kania, Andreas"]
[Result "1-0"]
[WhiteElo "1904"]
[BlackElo "2025"]
[PlyCount "57"]
[EventDate "1998.??.??"]
[EventType "team-tourn"]
[EventRounds "9"]
[EventCountry "GER"]
[SourceTitle "EXT 2020"]
[Source "ChessBase"]
[SourceDate "2019.10.17"]
[SourceVersion "1"]
[SourceVersionDate "2019.10.17"]
[SourceQuality "1"]
[WhiteTeam "Garching"]
[BlackTeam "Haar"]
[WhiteTeamCountry "GER"]
[BlackTeamCountry "GER"]

1. Nf3 Nf6 2. d4 d5 3. Bf4 e6 4. e3 Be7 5. h3 b6 6. c4 Bb7 7. Nc3 0-0 8. cxd5 Nxd5 9. Nxd5 exd5 10. Bd3 Nd7 11. Qc2 c5 12. Bxh7+ Kh8 13. Bd3 cxd4 14. exd4 Bb4+ 15. Nd2 Re8+ 16. Be3 Rc8 17. Qd1 Qh4 18. 0-0 Nf6 19. Bf5 Rc7 20. Nf3 Qh5 21. g4 Qxh3 22. Ng5 Rxe3 23. Nxh3 Rxh3 24. Kg2 Rh4 25. Rh1 Rxh1 26. Qxh1+ Kg8 27. Qh2 Ne8 28. Rh1 Bc6 29. Qh8# 1-0

[Event "Arco op 18th"]
[Site "Arco"]
[Date "1996.11.02"]
[Round "8"]
[White "Kania, Andreas"]
[Black "Zucchelli, Massimo"]
[Result "1/2-1/2"]
[WhiteElo "2275"]
[BlackElo "2190"]
[PlyCount "39"]
[EventDate "1996.10.28"]
[EventType "swiss"]
[EventRounds "9"]
[EventCountry "ITA"]
[SourceTitle "EXT 2023"]
[Source "ChessBase"]
[SourceDate "2022.10.05"]
[SourceVersion "1"]
[SourceVersionDate "2022.10.05"]
[SourceQuality "1"]

1. d4 Nf6 2. c4 c5 3. e3 g6 4. Nc3 Bg7 5. Nf3 0-0 6. Be2 cxd4 7. exd4 d5 8. h3 Nc6 9. 0-0 dxc4 10. Bxc4 Na5 11. Be2 Be6 12. Qa4 a6 13. Ng5 Bd7 14. Qd1 h6 15. Nf3 Be6 16. b3 Nc6 17. Bb2 Nd5 18. Qd2 Nxc3 19. Bxc3 Bd5 20. Ne5 1/2-1/2

[Event "Arco op 18th"]
[Site "Arco"]
[Date "1996.10.29"]
[Round "3.12"]
[White "Dalponte, Dino"]
[Black "Kania, Andreas"]
[Result "1-0"]
[WhiteElo "2210"]
[BlackElo "2275"]
[PlyCount "79"]
[EventDate "1996.10.28"]
[EventType "swiss"]
[EventRounds "9"]
[EventCountry "ITA"]
[SourceTitle "EXT 2023"]
[Source "ChessBase"]
[SourceDate "2022.10.05"]
[SourceVersion "1"]
[SourceVersionDate "2022.10.05"]
[SourceQuality "1"]

1. d4 e6 2. c4 Nf6 3. Nc3 Bb4 4. Qb3 c5 5. Bg5 Nc6 6. e3 cxd4 7. exd4 Nxd4 8. Qd1 Nc6 9. Bd3 Ne5 10. Nf3 Qa5 11. Nxe5 Qxe5+ 12. Be3 Bc5 13. Qe2 Bxe3 14. fxe3 b6 15. 0-0 Bb7 16. Rad1 0-0 17. e4 Rad8 18. Kh1 d6 19. Rf2 Bc8 20. Bc2 Bb7 21. Rdf1 Bc6 22. Bd3 a6 23. a4 Rb8 24. Kg1 Rfd8 25. Kh1 h6 26. Kg1 Bb7 27. Kh1 Rbc8 28. Rf4 Rc5 29. Qf2 Rf8 30. Kg1 a5 31. Kh1 Ba6 32. Nb5 Bxb5 33. axb5 Qg5 34. h4 Qe5 35. g4 d5 36. exd5 exd5 37. Re1 Qc7 38. Rxf6 gxf6 39. Qf5 Qg3 40. Qh7# 1-0

[Event "Toscolano op"]
[Site "Toscolano"]
[Date "1996.??.??"]
[Round "2"]
[White "Agnelli, Francesco"]
[Black "Kania, Andreas"]
[Result "1-0"]
[WhiteElo "2085"]
[BlackElo "2275"]
[PlyCount "73"]
[EventDate "1996.??.??"]
[EventType "swiss"]
[EventRounds "9"]
[EventCountry "ITA"]
[SourceTitle "EXT 1998"]
[Source "ChessBase"]
[SourceDate "1997.11.17"]
[SourceVersion "1"]
[SourceVersionDate "1997.11.17"]
[SourceQuality "1"]

1. e4 e6 2. d4 d5 3. Nc3 Nf6 4. Bg5 dxe4 5. Nxe4 Be7 6. Bxf6 gxf6 7. Nf3 b6 8. Bd3 Bb7 9. Qe2 c6 10. 0-0-0 Qc7 11. Kb1 Nd7 12. Rhe1 0-0-0 13. c4 Kb8 14. Rc1 Rhe8 15. Qe3 Bf8 16. Nc3 h6 17. Qd2 Bg7 18. Qc2 f5 19. a3 Nf8 20. d5 cxd5 21. Nb5 Qc5 22. b4 Qe7 23. cxd5 Rxd5 24. Qc7+ Qxc7 25. Nxc7 Rxd3 26. Nxe8 Bh8 27. Red1 Rxd1 28. Rxd1 Be5 29. Nd6 Ng6 30. Nxf7 Bg7 31. Nd6 Bf8 32. Nb5 Nf4 33. Nc3 Bxf3 34. gxf3 Bg7 35. Nb5 a6 36. Rd7 Bf6 37. Na7 1-0

[Event "Politiken Cup 18th"]
[Site "Copenhagen"]
[Date "1996.??.??"]
[Round "8"]
[White "Berg, Emanuel"]
[Black "Kania, Andreas"]
[Result "1/2-1/2"]
[WhiteElo "2180"]
[BlackElo "2275"]
[PlyCount "59"]
[EventDate "1996.06.??"]
[EventType "swiss"]
[EventRounds "11"]
[EventCountry "DEN"]
[SourceTitle "CBM 054 Extra"]
[Source "ChessBase"]
[SourceDate "1996.11.01"]
[SourceVersion "1"]
[SourceVersionDate "1996.11.01"]
[SourceQuality "1"]

1. e4 e6 2. d4 d5 3. Nc3 Nf6 4. e5 Nfd7 5. f4 c5 6. Nf3 Nc6 7. Be3 Qb6 8. Na4 Qa5+ 9. c3 b6 10. a3 c4 11. Be2 Ba6 12. Qc2 Bb5 13. Bd1 Be7 14. 0-0 Rc8 15. f5 Bxa4 16. Qxa4 Qxa4 17. Bxa4 exf5 18. Bg5 h6 19. Bxe7 Kxe7 20. Nh4 g6 21. Rae1 Nd8 22. g4 fxg4 23. e6 Nf6 24. exf7+ Kxf7 25. Re2 Rf8 26. Bc2 Rg8 27. Ba4 Rf8 28. Bc2 Rg8 29. Ba4 Rf8 30. Bc2 1/2-1/2

[Event "Toscolano op"]
[Site "Toscolano"]
[Date "1996.??.??"]
[Round "5"]
[White "Kania, Andreas"]
[Black "Rossi, Giampiero"]
[Result "0-1"]
[WhiteElo "2275"]
[BlackElo "2105"]
[PlyCount "110"]
[EventDate "1996.??.??"]
[EventType "swiss"]
[EventRounds "9"]
[EventCountry "ITA"]
[SourceTitle "EXT 1998"]
[Source "ChessBase"]
[SourceDate "1997.11.17"]
[SourceVersion "1"]
[SourceVersionDate "1997.11.17"]
[SourceQuality "1"]

1. c4 e6 2. g3 d5 3. d4 Nf6 4. Nf3 Be7 5. Bg2 Nbd7 6. Qc2 0-0 7. 0-0 c6 8. Rd1 b6 9. Nbd2 Bb7 10. b3 Rc8 11. e4 Qc7 12. Bb2 Rfd8 13. Rac1 Qb8 14. Re1 Nf8 15. Ne5 Ng6 16. Nxg6 hxg6 17. Qb1 Rd7 18. Rcd1 Bb4 19. f3 Rcd8 20. a3 Bf8 21. b4 dxe4 22. fxe4 c5 23. bxc5 Bxc5 24. dxc5 Rxd2 25. Rxd2 Rxd2 26. cxb6 Bxe4 27. Rxe4 Qxb6+ 28. c5 Qxc5+ 29. Bd4 Rxd4 30. Rxd4 Qxd4+ 31. Kh1 Ng4 32. h3 Qd1+ 33. Qxd1 Nf2+ 34. Kg1 Nxd1 35. Bf3 Nc3 36. Kf2 Kf8 37. Ke3 Ke7 38. Kd4 Nb5+ 39. Kc5 Nxa3 40. Be4 a6 41. Bd3 Nb5 42. Kb6 Kd6 43. Kxa6 Nc7+ 44. Kb6 Nd5+ 45. Kb5 Ne3 46. Kb4 Kd5 47. Kc3 Nd1+ 48. Kc2 Nf2 49. Bf1 Kd4 50. h4 Ke3 51. Bb5 Ne4 52. Be8 Nd6 53. Bc6 Kf2 54. g4 Kg3 55. h5 g5 0-1

[Event "Politiken Cup 18th"]
[Site "Copenhagen"]
[Date "1996.??.??"]
[Round "10"]
[White "Pedersen, Hans Dahl"]
[Black "Kania, Andreas"]
[Result "1/2-1/2"]
[WhiteElo "2185"]
[BlackElo "2275"]
[PlyCount "125"]
[EventDate "1996.06.??"]
[EventType "swiss"]
[EventRounds "11"]
[EventCountry "DEN"]
[SourceTitle "CBM 054 Extra"]
[Source "ChessBase"]
[SourceDate "1996.11.01"]
[SourceVersion "1"]
[SourceVersionDate "1996.11.01"]
[SourceQuality "1"]

1. e4 e6 2. d3 d5 3. Nd2 Nf6 4. Ngf3 c5 5. g3 Nc6 6. Bg2 Be7 7. 0-0 0-0 8. e5 Nd7 9. Re1 Re8 10. Nf1 Nf8 11. h4 f6 12. exf6 Bxf6 13. Ne3 Nd4 14. c4 dxc4 15. dxc4 Bd7 16. Ng4 Nxf3+ 17. Qxf3 Bd4 18. Qxb7 Qa5 19. Bf4 h5 20. Ne5 Rab8 21. Qe4 Rxb2 22. Be3 Bc3 23. Rf1 Ba4 24. Rac1 Bd2 25. Bxd2 Qxd2 26. Qf3 Re7 27. Qxh5 Rxa2 28. Be4 Qh6 29. Qf3 Be8 30. Ra1 Rxa1 31. Rxa1 Qf6 32. Qe3 Bg6 33. Bxg6 Nxg6 34. Re1 Nxe5 35. Qxe5 Qxe5 36. Rxe5 a5 37. Rxc5 Ra7 38. Rb5 a4 39. c5 a3 40. Rb1 Kf7 41. f4 Ke7 42. Kf2 a2 43. Ra1 Ra3 44. Kg2 Kd7 45. h5 Kc6 46. g4 Kxc5 47. g5 Kb4 48. h6 gxh6 49. gxh6 Kb3 50. h7 Ra8 51. Re1 Rh8 52. Re3+ Kb4 53. Re4+ Kc3 54. Re3+ Kd4 55. Ra3 Rxh7 56. Rxa2 Ke3 57. Ra6 Re7 58. Ra3+ Kxf4 59. Kf2 e5 60. Ra4+ e4 61. Ra8 Rf7 62. Re8 Rd7 63. Ke2 1/2-1/2

[Event "Toscolano op"]
[Site "Toscolano"]
[Date "1995.10.21"]
[Round "8"]
[White "Naumkin, Igor"]
[Black "Kania, Andreas"]
[Result "1/2-1/2"]
[WhiteElo "2455"]
[BlackElo "2235"]
[PlyCount "46"]
[EventDate "1995.10.14"]
[EventType "swiss"]
[EventRounds "9"]
[EventCountry "ITA"]
[SourceTitle "EXT 2023"]
[Source "ChessBase"]
[SourceDate "2022.10.05"]
[SourceVersion "1"]
[SourceVersionDate "2022.10.05"]
[SourceQuality "1"]

1. d4 e6 2. c4 Nf6 3. Nf3 Bb4+ 4. Bd2 c5 5. Bxb4 cxb4 6. e3 d6 7. Bd3 Nc6 8. Nbd2 b6 9. 0-0 a5 10. a3 Bb7 11. Qc2 Rc8 12. Rac1 g6 13. Qb1 0-0 14. Rfd1 Qe7 15. Ne4 Nd7 16. d5 exd5 17. cxd5 Nce5 18. Nxe5 Qxe5 19. axb4 axb4 20. Rc4 Rxc4 21. Bxc4 Rc8 22. b3 Nc5 23. Ng3 Ra8 1/2-1/2

[Event "Toscolano op"]
[Site "Toscolano"]
[Date "1995.??.??"]
[Round "?"]
[White "Kania, Andreas"]
[Black "Rossi, Giampiero"]
[Result "1/2-1/2"]
[WhiteElo "2235"]
[BlackElo "2145"]
[PlyCount "49"]
[EventDate "1995.10.14"]
[EventType "swiss"]
[EventRounds "9"]
[EventCountry "ITA"]
[SourceTitle "EXT 2000"]
[Source "ChessBase"]
[SourceDate "1999.11.16"]
[SourceVersion "1"]
[SourceVersionDate "1999.11.16"]
[SourceQuality "1"]

1. d4 d5 2. c4 e6 3. Nc3 Nf6 4. Nf3 Nbd7 5. cxd5 exd5 6. g3 c6 7. Bg2 Bd6 8. Qc2 0-0 9. Bf4 Qe7 10. Bxd6 Qxd6 11. e3 Re8 12. h3 Nf8 13. Ne5 g6 14. g4 N6d7 15. Nd3 Ne6 16. Ne2 b6 17. Rc1 Bb7 18. 0-0 Rac8 19. Rfd1 Rc7 20. b4 Rec8 21. Qb2 Ba6 22. Nef4 Nxf4 23. Nxf4 Bc4 24. a3 b5 25. Re1 1/2-1/2

[Event "Toscolano op"]
[Site "Toscolano"]
[Date "1995.??.??"]
[Round "?"]
[White "Luciani, Carlo"]
[Black "Kania, Andreas"]
[Result "0-1"]
[WhiteElo "2275"]
[BlackElo "2235"]
[PlyCount "60"]
[EventDate "1995.10.14"]
[EventType "swiss"]
[EventRounds "9"]
[EventCountry "ITA"]
[SourceTitle "EXT 2000"]
[Source "ChessBase"]
[SourceDate "1999.11.16"]
[SourceVersion "1"]
[SourceVersionDate "1999.11.16"]
[SourceQuality "1"]

1. e4 e6 2. d4 d5 3. Nd2 Nf6 4. e5 Nfd7 5. c3 c5 6. Bd3 Nc6 7. Ne2 cxd4 8. cxd4 f6 9. exf6 Nxf6 10. Nf3 Bd6 11. 0-0 0-0 12. Bg5 Bd7 13. a3 Kh8 14. Bh4 Be8 15. Ng5 Qd7 16. Qb1 h6 17. Nh3 Nh5 18. Bg3 Nxg3 19. hxg3 e5 20. dxe5 Nxe5 21. Nhf4 Bc5 22. b4 Bb6 23. Nc3 Qg4 24. Ncxd5 Qxg3 25. Kh1 Qh4+ 26. Nh3 Bc6 27. Be4 Bxf2 28. Ra2 Ng4 29. Qb3 Bd4 30. Qd3 Qg3 0-1